000 00438nam a2200181Ia 4500
008 230524s9999 xx 000 0 und d
020 _a9780070141100
082 _a624.18341
_bPIL
100 _aS Unnikrishna Pillai
245 0 _aReinforced Concrete Design
250 _a3
260 _aNew Delhi
_bTMH
_c2015
300 _a"XV,956p;"
500 _aQuantity Number: 10
650 _aCivil
700 _aDevdas Menon
942 _cBK
999 _c55097
_d55097